| LEADER |
01644ngm0a2200289 450 |
| 001 |
16848083 |
| 100 |
|
|
|a 20180831d2018 u u0frey01 ba
|
| 101 |
1 |
|
|a fre
|c eng
|
| 102 |
|
|
|a FR
|
| 200 |
0 |
|
|a extraordinaire voyage du fakir (L')
|d The Extraordinary Journey of the Fakir
|f Ken Scott, réal.
|g Romain Puertolas, adapt. - Nicolas Errera, comp. - Luc Bossi, Romain Puertolas, Ken Scott, scénario - Dhanush, Bérénice Bejo, Erin Moriarty, Barkhad Abdi, Gérard Jugnot, Ben Miller, ... [et al.] act.
|
| 207 |
|
1 |
|a
|
| 215 |
|
|
|a 1 DVD vidéo monoface zone 2 (1 h 36 min)
|c 16/9, coul. (PAL), son. (Dolby digital 5.1)
|
| 300 |
|
|
|a Langues principales : français, anglais; Sous-titres : français
|
| 330 |
|
|
|a Aja, un jeune arnaqueur de Mumbai, entame, à la mort de sa mère un extraordinaire voyage sur les traces du père qu'il n'a jamais connu. Il rencontre l'amour à Paris dans un magasin de meubles suédois, le danger en compagnie de migrants somaliens en Angleterre, la célébrité sur une piste de danse à Rome, l'aventure dans une montgolfière au-dessus de la Méditerranée, et comprend finalement ce qu'est la vraie richesse et qui il souhaite devenir.
|
| 700 |
|
0 |
|a Scott
|b Ken
|4 370
|
| 702 |
|
0 |
|a Puertolas
|b Romain
|4 100
|
| 702 |
|
0 |
|a Bossi
|b Luc
|4 690
|
| 702 |
|
0 |
|a Errera
|b Nicolas
|4 230
|
| 702 |
|
0 |
|a Dhanush
|4 5
|
| 702 |
|
0 |
|a Bejo
|b Bérénice
|4 5
|
| 702 |
|
0 |
|a Moriarty
|b Erin
|4 5
|
| 702 |
|
0 |
|a Abdi
|b Barkhad
|4 5
|
| 702 |
|
0 |
|a Jugnot
|b Gérard
|4 5
|
| 702 |
|
0 |
|a Miller
|b Ben
|4 5
|
| 900 |
|
|
|a Film
|
| 901 |
|
|
|a Accessible au prêt
|
| 995 |
|
|
|a Bibliothèque
|c Bibliothèque
|f 00156010866028
|h 00156010866028
|k F SCO
|o p
|q a
|r gd
|e Bibliothèque
|